00588nam a22001457a 4500041000800000082001500008100002200023245011800045260005800163300000800221650006700229942000700296952012200303999001700425 aENG a236.2bRAJ aRajakumar, Joseph a Rediscovering rebirth and discipleship in baptism : in the light of patristic writings and Hindu initiation rite aBengaluru, bIndia : Asian Trading Corporation,c2017 a307 aReincarnation -- Christianity.aReincarnation -- Christianity. cBK 00104070aHMIbHMIcGENd2020-01-23eLutheran School o Theologyl0o236.2 RAJp11004141r2026-01-16w2026-01-16yBK c22838d22838